[Event "C.to Provinciale SV"]
[Site "Savona ITA"]
[Date "2011.01.28"]
[Round "1"]
[White "Pesce, Gabriele"]
[Black "Nikolajevic, Tihomir"]
[Result "1-0"]
[WhiteElo "2181"]
[BlackElo "1865"]
[PlyCount "143"]
[EventDate "2011.01.28"]

1. e4 d6 2. d4 Nf6 3. Nc3 g6 4. Be3 Bg7 5. Qd2 O-O 6. Nf3 Ng4 7. Bg5 h6 8. Bh4
c6 9. Bd3 Qc7 10. h3 Nf6 11. O-O Nbd7 12. Bg3 Nh5 13. Bh2 e5 14. dxe5 Nxe5 15.
Nxe5 dxe5 16. Rfd1 Nf4 17. Bf1 Be6 18. Qe3 g5 19. a4 a5 20. Qc5 Rfd8 21. Nb5
Qb8 22. Na3 Qc7 23. Nc4 Bxc4 24. Bxc4 b6 25. Qe3 Rab8 26. Kh1 Rd7 27. Bg1 Rbd8
28. Rxd7 Rxd7 29. f3 c5 30. Qb3 Rd2 31. Be3 Rd7 32. Kh2 Rd6 33. g3 Ng6 34. Bd5
Kf8 35. Qc4 Rf6 36. Kg2 Ne7 37. Rd1 Rd6 38. b4 axb4 39. a5 Nxd5 40. exd5 Kg8
41. axb6 Rxb6 42. Qxc5 Rb7 43. d6 Qd7 44. Bd2 Rb5 45. Qc4 e4 46. Qxe4 Re5 47.
Qd3 Qe6 48. d7 Bf6 49. d8=Q+ Bxd8 50. Qxd8+ Kg7 51. Qd4 f6 52. Bxb4 Re2+ 53.
Kf1 Qa6 54. Qd3 Qxd3 55. cxd3 Rb2 56. Bd2 Rb3 57. Ke2 Kf7 58. d4 Ke6 59. d5+
Kd6 60. Be3 Rb5 61. g4 Rb2+ 62. Rd2 Rb7 63. Bf2 f5 64. gxf5 Rf7 65. Bg3+ Kd7
66. Ke3 Rxf5 67. Ke4 Rf7 68. Ra2 Ke8 69. d6 Kd8 70. Be5 Kc8 71. Kd5 Rxf3 72.
Ke6 1-0

[Event "C.to Provinciale SV"]
[Site "Savona ITA"]
[Date "2011.01.28"]
[Round "1"]
[White "Tagliano, Maurizio"]
[Black "Altieri, Danilo Mario"]
[Result "0-1"]
[WhiteElo "1852"]
[BlackElo "1971"]
[PlyCount "88"]
[EventDate "2011.01.28"]

1. Nf3 Nf6 2. d4 g6 3. c4 Bg7 4. Nc3 d6 5. Bf4 c6 6. h3 Nbd7 7. e3 O-O 8. Be2
Re8 9. O-O Qb6 10. Rb1 h6 11. b4 e5 12. c5 Qd8 13. dxe5 dxe5 14. Bh2 Qe7 15.
Qc2 g5 16. Nd2 Nf8 17. Nc4 Nd5 18. Nd6 Nxc3 19. Qxc3 Rd8 20. Qc2 Be6 21. a4 b6
22. Ba6 Rab8 23. Rfd1 Qc7 24. Bd3 Nd7 25. cxb6 Nxb6 26. Ne4 Nd5 27. Nc5 Nxb4
28. Bh7+ Kh8 29. Rxd8+ Qxd8 30. Qe4 Qd5 31. Qxd5 cxd5 32. Nxe6 fxe6 33. Bg6 Rc8
34. g4 a5 35. Bf7 Rc6 36. Be8 Rc7 37. Bb5 Kg8 38. Rf1 Rc3 39. Rd1 Kf7 40. Kf1
Nc6 41. Ke2 Na7 42. Rb1 Rc2+ 43. Kd3 Rxf2 44. Bg1 e4# 0-1

[Event "C.to Provinciale SV"]
[Site "Savona ITA"]
[Date "2011.01.28"]
[Round "1"]
[White "Lupini, Stefano"]
[Black "Coqueraut, Jean Dominique"]
[Result "0-1"]
[WhiteElo "1936"]
[BlackElo "1815"]
[PlyCount "104"]
[EventDate "2011.01.28"]

1. d4 d5 2. c4 c6 3. Nf3 Nf6 4. Nc3 e6 5. Bg5 Be7 6. e3 Nbd7 7. Rc1 O-O 8. Bd3
dxc4 9. Bxc4 b5 10. Bd3 Bb7 11. O-O b4 12. Na4 Rc8 13. e4 h6 14. Bxf6 Nxf6 15.
e5 Nd5 16. Nc5 Ba8 17. Bb1 Bxc5 18. Rxc5 g6 19. Qd2 Kg7 20. Be4 a5 21. Rfc1 Bb7
22. a3 Qb6 23. h4 Rh8 24. Nh2 f5 25. Bf3 Rhf8 26. Nf1 Rf7 27. Bxd5 exd5 28. Ne3
Rcf8 29. axb4 axb4 30. Nc2 Qd8 31. g3 f4 32. Qxb4 Qd7 33. Qe1 fxg3 34. fxg3 Qh3
35. Rc3 Ba6 36. Ne3 Rf3 37. Ng2 Rf1+ 38. Qxf1 Bxf1 39. Rxf1 Rxf1+ 40. Kxf1 Qf5+
41. Kg1 Qb1+ 42. Kh2 Qxb2 43. Rxc6 g5 44. hxg5 hxg5 45. Rc7+ Kf8 46. e6 Qxd4
47. Kh3 Qe5 48. e7+ Ke8 49. Rb7 Qf5+ 50. Kh2 d4 51. Ne1 Qf2+ 52. Ng2 d3 0-1

[Event "C.to Provinciale SV"]
[Site "Savona ITA"]
[Date "2011.01.28"]
[Round "1"]
[White "Mirata, Danilo"]
[Black "Mercandelli, Claudio"]
[Result "1-0"]
[WhiteElo "1800"]
[BlackElo "1923"]
[PlyCount "103"]
[EventDate "2011.01.28"]

1. d4 Nf6 2. c4 g6 3. Nc3 Bg7 4. e4 d6 5. Nf3 O-O 6. Be2 e5 7. Be3 Na6 8. O-O
c6 9. d5 c5 10. Ne1 Kh8 11. f3 Ng8 12. Nd3 Bh6 13. Qd2 Kg7 14. a3 Bxe3+ 15.
Qxe3 Nc7 16. b4 b6 17. Bd1 Nh6 18. Ba4 Ba6 19. Bc6 Rb8 20. b5 Bc8 21. a4 f5 22.
Ra2 f4 23. Qf2 g5 24. h3 Ng8 25. g4 h5 26. Qg2 Nf6 27. Kf2 Rh8 28. Raa1 a5 29.
bxa6 Bxa6 30. Nb5 Bxb5 31. axb5 Kg6 32. Rh1 Rh7 33. Nb2 Qh8 34. Rag1 hxg4 35.
hxg4 Rh4 36. Rxh4 Qxh4+ 37. Ke2 Rh8 38. Na4 Qh7 39. Nxb6 Na8 40. Rh1 Qa7 41.
Rxh8 Nxb6 42. Kf2 Nxc4 43. Ra8 Qh7 44. Kg1 Qh4 45. Ra1 Qh7 46. Qh2 Qg7 47. Be8+
Nxe8 48. Qh5+ Kf6 49. Qxe8 Qc7 50. Ra8 Nd2 51. Qf8+ Kg6 52. Qg8+ 1-0

[Event "C.to Provinciale SV"]
[Site "Savona ITA"]
[Date "2011.01.28"]
[Round "1"]
[White "Ivaldo, Fabrizio"]
[Black "Atteo, Domenico"]
[Result "1-0"]
[WhiteElo "1920"]
[BlackElo "1799"]
[PlyCount "107"]
[EventDate "2011.01.28"]

1. Nf3 d5 2. d4 Bf5 3. c4 e6 4. Nc3 Nc6 5. Bf4 Bb4 6. Qa4 Qd7 7. e3 a6 8. cxd5
exd5 9. Bb5 Bxc3+ 10. bxc3 Rc8 11. Bxc6 Qxc6 12. Qxc6+ bxc6 13. O-O f6 14. Nd2
Ne7 15. Rfe1 Kf7 16. f3 g5 17. Bg3 Bd3 18. h3 Nf5 19. Bh2 Nd6 20. e4 Nc4 21.
Nb3 f5 22. exf5 Bxf5 23. Nc5 a5 24. Na6 Nd6 25. Nxc7 Nb5 26. Nxb5 cxb5 27. Re5
Be6 28. Rae1 Rhe8 29. R1e3 Bd7 30. Kf2 Rxe5 31. Bxe5 Be6 32. Bd6 Rc4 33. a3 Rc6
34. Bc5 Rc7 35. Bb6 Re7 36. Bxa5 Bf5 37. Rxe7+ Kxe7 38. Kg3 h5 39. h4 Kf6 40.
Bd8+ Kg6 41. hxg5 Bd3 42. Kf4 Bf5 43. Ke5 Bd3 44. Kxd5 Bc4+ 45. Ke5 h4 46. Kf4
Bf1 47. Kg4 Bxg2 48. Kxh4 Bxf3 49. Kg3 Bd5 50. Kf4 Kf7 51. Ke5 Bc4 52. d5 Ke8
53. Bf6 Kf7 54. Kd6 1-0

[Event "C.to Provinciale SV"]
[Site "Savona ITA"]
[Date "2011.01.28"]
[Round "1"]
[White "Pedemonte, Claudio"]
[Black "Carzolio, Luigi"]
[Result "0-1"]
[WhiteElo "1791"]
[BlackElo "1910"]
[PlyCount "64"]
[EventDate "2011.01.28"]

1. c4 e5 2. g3 d5 3. cxd5 Qxd5 4. Nf3 Nc6 5. Nc3 Qd8 6. Bg2 Nf6 7. d3 Bc5 8.
O-O O-O 9. b3 Re8 10. Bb2 Bf5 11. Rc1 Qe7 12. Qc2 Bb6 13. a3 Nd4 14. Nxd4 exd4
15. Nb5 Qxe2 16. Qxe2 Rxe2 17. Bxd4 Bxd3 18. Nxc7 Rd8 19. Bxf6 gxf6 20. Nd5 Rb2
21. Nxf6+ Kg7 22. Nh5+ Kh6 23. Nf6 Bxf1 24. Rxf1 Rxb3 25. Bxb7 Bxf2+ 26. Rxf2
Rxb7 27. Rf4 Kg6 28. Ng4 Rd2 29. Nf2 h5 30. Kg2 Rb6 31. Kh3 Ra2 32. Ne4 Rbb2
0-1

[Event "C.to Provinciale SV"]
[Site "Savona ITA"]
[Date "2011.01.28"]
[Round "1"]
[White "Agazzi, Fulvio"]
[Black "Agazzi, Marco"]
[Result "1-0"]
[WhiteElo "1900"]
[BlackElo "1746"]
[PlyCount "93"]
[EventDate "2011.01.28"]

1. e4 e5 2. Nf3 Nc6 3. Bb5 a6 4. Ba4 b5 5. Bb3 Nf6 6. O-O Be7 7. Re1 O-O 8. c3
Bb7 9. d4 d6 10. Nbd2 Na5 11. dxe5 Nxb3 12. Qxb3 Ng4 13. exd6 cxd6 14. a4 Qb6
15. Re2 Bf6 16. h3 Ne5 17. Nxe5 dxe5 18. Nf3 Qc6 19. Be3 Qc4 20. Qxc4 bxc4 21.
Bb6 Rac8 22. Rd1 Bc6 23. a5 g6 24. Nh2 Ba4 25. Ra1 Bb3 26. Ng4 Bg7 27. Ne3 f5
28. Nd5 Rf7 29. Rae1 fxe4 30. Nb4 Ra8 31. Rxe4 Rd7 32. R4e2 Ba4 33. f4 exf4 34.
Re4 Bb5 35. Rxf4 Rf8 36. Rfe4 Rc8 37. R1e2 Rd1+ 38. Kh2 Rd7 39. Nc2 Ba4 40. Nd4
Bh6 41. Re8+ Rxe8 42. Rxe8+ Kf7 43. Ra8 Bb5 44. Nxb5 axb5 45. Bd4 Bf4+ 46. g3
Bc1 47. Rb8 1-0

[Event "C.to Provinciale SV"]
[Site "Savona ITA"]
[Date "2011.01.28"]
[Round "1"]
[White "Castellano, Adriano"]
[Black "Damele, Stefano"]
[Result "0-1"]
[WhiteElo "1676"]
[BlackElo "1888"]
[PlyCount "82"]
[EventDate "2011.01.28"]

1. e4 e5 2. Nf3 Nc6 3. d4 exd4 4. Nxd4 Qf6 5. Be3 Bc5 6. c3 Nge7 7. Be2 d5 8.
Bf3 Nxd4 9. Bxd4 Bxd4 10. cxd4 dxe4 11. Bxe4 O-O 12. O-O Rd8 13. Qc2 Bf5 14.
Nc3 Bxe4 15. Qxe4 c6 16. Rad1 h6 17. Rfe1 Ng6 18. Ne2 Rd5 19. Ng3 Rad8 20. Nh5
Rxh5 21. d5 Rhxd5 22. Rxd5 Rxd5 23. Qe8+ Kh7 24. g3 Re5 25. Rxe5 Qxe5 26. Qxf7
Qxb2 27. h4 Qb1+ 28. Kh2 Ne5 29. Qf4 Ng6 30. Qf7 Qb5 31. Qf3 Qd5 32. Qe2 c5 33.
h5 Ne5 34. Qc2+ Kg8 35. Qa4 Nc6 36. Qg4 Nd4 37. Qc8+ Kh7 38. Qe8 Qf5 39. f4 c4
40. Qe3 Qd3 41. Qe5 Nf3+ 0-1

[Event "C.to Provinciale SV"]
[Site "Savona ITA"]
[Date "2011.01.28"]
[Round "1"]
[White "Bruzzone, Carlo"]
[Black "Gallareto, Ettore"]
[Result "1-0"]
[WhiteElo "1883"]
[BlackElo "1458"]
[PlyCount "73"]
[EventDate "2011.01.28"]

1. c4 c5 2. Nc3 Nc6 3. g3 e6 4. Bg2 Nge7 5. Nf3 g6 6. d4 Bg7 7. e3 cxd4 8. exd4
O-O 9. O-O Nf5 10. d5 Ncd4 11. Nxd4 Nxd4 12. Be3 Nf5 13. dxe6 fxe6 14. Bc5 Rf7
15. Rb1 d6 16. Nb5 a6 17. Na3 Rd7 18. Bb4 Rb8 19. Bc3 Bxc3 20. bxc3 Re7 21. h4
Ng7 22. c5 d5 23. Nc4 Qc7 24. Nd6 Qxc5 25. Nxc8 Qxc8 26. Qd3 b5 27. Rfe1 Qe8
28. Re5 Nh5 29. Rbe1 Rd8 30. Qe3 Rd6 31. Bxd5 Ng7 32. g4 h5 33. f3 Kf8 34. Bb3
a5 35. Qh6 Kf7 36. Bc2 Kf6 37. g5+ 1-0

[Event "C.to Provinciale SV"]
[Site "Savona ITA"]
[Date "2011.01.29"]
[Round "2"]
[White "Damele, Stefano"]
[Black "Pesce, Gabriele"]
[Result "0-1"]
[WhiteElo "1888"]
[BlackElo "2181"]
[PlyCount "64"]
[EventDate "2011.01.28"]

1. e4 c5 2. c3 Nf6 3. e5 Nd5 4. d4 cxd4 5. Nf3 d6 6. Bc4 e6 7. O-O Be7 8. cxd4
O-O 9. Nc3 Nxc3 10. bxc3 Nc6 11. Bf4 dxe5 12. Bxe5 b6 13. Bb3 Ba6 14. Re1 Rc8
15. Re3 Nxe5 16. Nxe5 Bg5 17. Rh3 Bf4 18. Qh5 h6 19. Nxf7 Rxf7 20. Bxe6 Rcc7
21. Rf3 Qg5 22. Qxg5 Bxg5 23. g3 Bf6 24. Rc1 Kf8 25. Bxf7 Kxf7 26. Rc2 Kg6 27.
Rd2 Bg5 28. Rc2 Rc8 29. Re3 Bxe3 30. fxe3 Bd3 31. Rc1 Kf5 32. Kg2 Ke4 0-1

[Event "C.to Provinciale SV"]
[Site "Savona ITA"]
[Date "2011.01.29"]
[Round "2"]
[White "Altieri, Danilo Mario"]
[Black "Agazzi, Fulvio"]
[Result "0-1"]
[WhiteElo "1971"]
[BlackElo "1900"]
[PlyCount "114"]
[EventDate "2011.01.28"]

1. Nf3 Nf6 2. g3 g6 3. Bg2 Bg7 4. O-O O-O 5. d3 d5 6. c3 Nc6 7. Nbd2 e6 8. Qc2
Re8 9. Re1 Bd7 10. Nf1 Qc8 11. e4 dxe4 12. dxe4 e5 13. Qb3 b6 14. Ng5 Re7 15.
f4 h6 16. Nf3 exf4 17. e5 Nh7 18. gxf4 Rb8 19. Nd4 Na5 20. Qd1 c5 21. Nf3 Bh3
22. Ng3 Bxg2 23. Kxg2 Nb7 24. b4 Qc6 25. bxc5 Rd8 26. Qc2 Nxc5 27. Ba3 Red7 28.
Bxc5 Rd2+ 29. Qxd2 Rxd2+ 30. Bf2 Rd3 31. Ne4 f5 32. exf6 Nxf6 33. Nxf6+ Bxf6
34. Re3 Rxe3 35. Bxe3 Qxc3 36. Re1 Qc2+ 37. Kf1 Qxa2 38. Re2 Qc4 39. Ne5 Bxe5
40. fxe5 g5 41. Ke1 Qh4+ 42. Bf2 Qxh2 43. e6 Qh1+ 44. Kd2 Kf8 45. e7+ Ke8 46.
Bd4 Qd5 47. Kc3 Qc6+ 48. Kd2 a5 49. Bg7 a4 50. Bf8 a3 51. Ke1 Qc3+ 52. Kf2 b5
53. Re3 Qf6+ 54. Ke2 a2 55. Rd3 Qe6+ 56. Kd2 a1=Q 57. Rd8+ Kf7 0-1

[Event "C.to Provinciale SV"]
[Site "Savona ITA"]
[Date "2011.01.29"]
[Round "2"]
[White "Coqueraut, Jean Dominique"]
[Black "Ivaldo, Fabrizio"]
[Result "1/2-1/2"]
[WhiteElo "1815"]
[BlackElo "1920"]
[PlyCount "36"]
[EventDate "2011.01.28"]

1. d4 d5 2. c4 e6 3. Nc3 f5 4. cxd5 exd5 5. Nf3 Nf6 6. Bg5 c6 7. e3 Be7 8. Bd3
O-O 9. Ne5 Ne4 10. Bxe7 Qxe7 11. Qe2 Nd7 12. Nxd7 Bxd7 13. O-O Nxc3 14. bxc3 f4
15. exf4 Qxe2 16. Bxe2 Rxf4 17. Bd3 Bf5 18. Bxf5 Rxf5 1/2-1/2

[Event "C.to Provinciale SV"]
[Site "Savona ITA"]
[Date "2011.01.29"]
[Round "2"]
[White "Carzolio, Luigi"]
[Black "Bruzzone, Carlo"]
[Result "1-0"]
[WhiteElo "1910"]
[BlackElo "1883"]
[PlyCount "49"]
[EventDate "2011.01.28"]

1. f4 d6 2. Nf3 Nc6 3. e4 Bg4 4. Be2 e5 5. d3 Bxf3 6. Bxf3 Qh4+ 7. g3 Qh3 8. c3
Nf6 9. Qe2 h5 10. Na3 a6 11. Bd2 Be7 12. Nc2 exf4 13. Bxf4 Ne5 14. Ne3 Nxf3+
15. Qxf3 h4 16. O-O-O Nh5 17. Nd5 Bd8 18. Rdf1 Nf6 19. e5 dxe5 20. Bxe5 c6 21.
Nxf6+ gxf6 22. Bxf6 O-O 23. Qh5 Bxf6 24. Rxf6 hxg3 25. Qxh3 1-0

[Event "C.to Provinciale SV"]
[Site "Savona ITA"]
[Date "2011.01.29"]
[Round "2"]
[White "Agazzi, Marco"]
[Black "Lupini, Stefano"]
[Result "0-1"]
[WhiteElo "1746"]
[BlackElo "1936"]
[PlyCount "102"]
[EventDate "2011.01.28"]

1. d4 Nf6 2. Nf3 d5 3. Bf4 Bf5 4. e3 e6 5. Bd3 Bxd3 6. Qxd3 c5 7. Qb5+ Qd7 8.
Qxd7+ Nbxd7 9. Nbd2 Be7 10. O-O Nh5 11. Bg3 Nxg3 12. hxg3 Bf6 13. c3 O-O 14.
Rac1 Rac8 15. b4 cxb4 16. cxb4 Be7 17. a3 Nb6 18. Nb1 Rxc1 19. Rxc1 Rc8 20.
Rxc8+ Nxc8 21. Nfd2 Nb6 22. Kf1 Kf8 23. Ke2 Ke8 24. Kd3 Kd7 25. f4 Kc6 26. Nc3
a6 27. e4 Nd7 28. exd5+ exd5 29. Nf3 f6 30. Nd2 Bd6 31. Nf1 g5 32. f5 h5 33.
Kc2 Nb6 34. Kb3 Nc8 35. Ne2 Ne7 36. Ne3 Bb8 37. a4 b5 38. a5 Bd6 39. g4 h4 40.
Nc2 Kd7 41. Kc3 Nc6 42. Kb3 Ne7 43. Ne3 Kc6 44. Kc3 Ng8 45. Kb3 Bh2 46. Kc3 Nh6
47. Kb3 Bf4 48. Nxf4 gxf4 49. Nc2 Nxg4 50. Kc3 f3 51. gxf3 h3 0-1

[Event "C.to Provinciale SV"]
[Site "Savona ITA"]
[Date "2011.01.29"]
[Round "2"]
[White "Mercandelli, Claudio"]
[Black "Pedemonte, Claudio"]
[Result "1-0"]
[WhiteElo "1923"]
[BlackElo "1791"]
[PlyCount "97"]
[EventDate "2011.01.28"]

1. d4 f5 2. e4 fxe4 3. Nc3 Nf6 4. Bg5 d5 5. Bxf6 exf6 6. Qh5+ g6 7. Qxd5 Bb4 8.
Qxe4+ Kf7 9. Bc4+ Kg7 10. Nge2 Bxc3+ 11. bxc3 Re8 12. Qf3 c6 13. O-O Nd7 14.
Nf4 Nb6 15. Bb3 Bf5 16. Rfe1 Qd7 17. h3 h5 18. Rad1 Re7 19. Rxe7+ Qxe7 20.
Nxh5+ Kh6 21. Ng3 Bd7 22. c4 Re8 23. Rd3 Qe1+ 24. Kh2 f5 25. Re3 Rxe3 26. Qxe3+
Qxe3 27. fxe3 Kg5 28. Ne2 a5 29. c5 Nc8 30. Kg3 Ne7 31. h4+ Kf6 32. Kf4 Nd5+
33. Bxd5 cxd5 34. Nc3 Bc6 35. g3 a4 36. a3 Ke6 37. Nb1 Bb5 38. Nd2 Be2 39. Nf3
Kf6 40. Ne5 Bb5 41. g4 Be8 42. g5+ Ke6 43. Nd3 Bb5 44. Kf3 Be8 45. Nf4+ Kf7 46.
Nxd5 Bc6 47. c4 Ke6 48. e4 b5 49. cxb5 1-0

[Event "C.to Provinciale SV"]
[Site "Savona ITA"]
[Date "2011.01.29"]
[Round "2"]
[White "Nikolajevic, Tihomir"]
[Black "Castellano, Adriano"]
[Result "1-0"]
[WhiteElo "1865"]
[BlackElo "1676"]
[PlyCount "89"]
[EventDate "2011.01.28"]

1. Nf3 Nf6 2. c4 e6 3. g3 g6 4. b3 Bg7 5. Bb2 O-O 6. Bg2 c6 7. O-O d5 8. d3
Nbd7 9. Nbd2 Re8 10. Ne1 e5 11. e4 d4 12. b4 a6 13. Nb3 b6 14. Nc2 Nf8 15. f4
Bg4 16. Qe1 exf4 17. gxf4 Qd7 18. Ncxd4 Bh3 19. Qg3 Bxg2 20. Kxg2 Nh5 21. Qf3
Ne6 22. Nxe6 Bxb2 23. Rab1 Bc3 24. Ng5 Bxb4 25. d4 Be7 26. Nh3 Qe6 27. d5 cxd5
28. cxd5 Qd6 29. e5 Qa3 30. Rf2 Rac8 31. Rd2 Bb4 32. Re2 Rc3 33. Qe4 Rec8 34.
d6 R8c4 35. Qa8+ Kg7 36. d7 Nxf4+ 37. Nxf4 Rxf4 38. d8=Q Rg4+ 39. Kh1 Bc5 40.
Qf6+ Kh6 41. Rg2 Qb4 42. Qf1 Rf4 43. Qd1 Rcf3 44. Qaxf3 Rxf3 45. Qxf3 1-0

[Event "C.to Provinciale SV"]
[Site "Savona ITA"]
[Date "2011.01.29"]
[Round "2"]
[White "Christen, Peter Walter"]
[Black "Tagliano, Maurizio"]
[Result "0-1"]
[WhiteElo "1581"]
[BlackElo "1852"]
[PlyCount "60"]
[EventDate "2011.01.28"]

1. e4 Nf6 2. e5 Nd5 3. c4 Nb6 4. c5 Nd5 5. Nf3 e6 6. d4 b6 7. cxb6 axb6 8. Bc4
Bb4+ 9. Bd2 Bb7 10. Bxb4 Nxb4 11. a3 Nd5 12. Nbd2 O-O 13. O-O Nf4 14. h3 Kh8
15. Kh2 d6 16. g3 Ng6 17. h4 d5 18. Bd3 Ba6 19. Bxa6 Nxa6 20. Ng5 h6 21. Qh5
Qe7 22. f4 Kg8 23. Nh3 c5 24. f5 exf5 25. Rxf5 cxd4 26. Raf1 Rac8 27. e6 Qxe6
28. Rxd5 Qe3 29. Qd1 Rfe8 30. Rf2 Nc5 0-1

[Event "C.to Provinciale SV"]
[Site "Savona ITA"]
[Date "2011.01.29"]
[Round "3"]
[White "Pesce, Gabriele"]
[Black "Carzolio, Luigi"]
[Result "1-0"]
[WhiteElo "2181"]
[BlackElo "1910"]
[PlyCount "45"]
[EventDate "2011.01.28"]

1. e4 Nc6 2. d4 d5 3. e5 f6 4. f4 Nh6 5. Nf3 Bg4 6. Be2 Qd7 7. Be3 O-O-O 8. h3
Bxf3 9. Bxf3 fxe5 10. dxe5 e6 11. Bf2 g5 12. g3 gxf4 13. gxf4 Be7 14. Qd2 Nf5
15. h4 Rdg8 16. Nc3 Qd8 17. O-O-O Bxh4 18. Nxd5 Bxf2 19. Qxf2 exd5 20. Bxd5 Qe8
21. Rh3 Qg6 22. Be4 Qf7 23. Bxc6 1-0

[Event "C.to Provinciale SV"]
[Site "Savona ITA"]
[Date "2011.01.29"]
[Round "3"]
[White "Agazzi, Fulvio"]
[Black "Coqueraut, Jean Dominique"]
[Result "0-1"]
[WhiteElo "1900"]
[BlackElo "1815"]
[PlyCount "128"]
[EventDate "2011.01.28"]

1. e4 d6 2. d4 e5 3. dxe5 dxe5 4. Qxd8+ Kxd8 5. Bc4 f6 6. Ne2 Bd6 7. O-O Ke7 8.
Nbc3 c6 9. Kh1 b5 10. Bd3 Be6 11. f4 exf4 12. Bxf4 Be5 13. a3 Nd7 14. Be3 g5
15. Nd4 Bxd4 16. Bxd4 c5 17. Be3 c4 18. Be2 a6 19. Rad1 Nh6 20. Nd5+ Bxd5 21.
exd5 Nf7 22. Bg4 Nfe5 23. d6+ Kd8 24. Bxd7 Nxd7 25. Bd4 Rf8 26. Rf5 Rf7 27.
Rdf1 Rf8 28. g4 Rc8 29. Bxf6+ Nxf6 30. Rxf6 Rxf6 31. Rxf6 Kd7 32. Rf7+ Kxd6 33.
Rxh7 Ke5 34. Rf7 Rd8 35. Rf5+ Ke4 36. Kg2 Rd2+ 37. Rf2 Rd5 38. Kg3 Ke3 39. Rf5
Rd2 40. Rf3+ Ke4 41. Rf2 Ke3 42. Rxd2 Kxd2 43. h4 gxh4+ 44. Kxh4 Kxc2 45. g5
Kxb2 46. g6 c3 47. g7 c2 48. g8=Q c1=Q 49. Qf8 Qc3 50. Qd6 Qxa3 51. Qd2+ Kb3
52. Qd1+ Kc4 53. Qg4+ Kd5 54. Qf5+ Kc6 55. Qc8+ Kd5 56. Qf5+ Kc4 57. Qg4+ Kb3
58. Qd1+ Kb4 59. Qd6+ Kb3 60. Qd1+ Kb2 61. Qd2+ Kb1 62. Qd1+ Qc1 63. Qd3+ Qc2
64. Qf1+ Ka2 0-1

[Event "C.to Provinciale SV"]
[Site "Savona ITA"]
[Date "2011.01.29"]
[Round "3"]
[White "Ivaldo, Fabrizio"]
[Black "Altieri, Danilo Mario"]
[Result "1/2-1/2"]
[WhiteElo "1920"]
[BlackElo "1971"]
[PlyCount "73"]
[EventDate "2011.01.28"]

1. e4 d5 2. exd5 Nf6 3. d4 Nxd5 4. c4 Nb6 5. Nc3 g6 6. Bf4 Bg7 7. Be5 Bxe5 8.
dxe5 Qxd1+ 9. Rxd1 c6 10. Be2 Be6 11. b3 a5 12. Ne4 N8d7 13. Ng5 Nxe5 14. Nxe6
fxe6 15. Nf3 Nxf3+ 16. Bxf3 O-O 17. O-O a4 18. Bg4 Rf6 19. Rfe1 axb3 20. axb3
Kf7 21. Ra1 Rb8 22. Ra5 h6 23. Bh3 Rd8 24. Rae5 Rd3 25. c5 Nd5 26. Bxe6+ Kf8
27. Bxd5 cxd5 28. Rxe7 Rxb3 29. Rd7 Rb2 30. Rxd5 Rbxf2 31. Rd8+ Kg7 32. Rd7+
Rf7 33. Rxf7+ Rxf7 34. Re6 Rf6 35. Re7+ Rf7 36. Re6 Rf6 37. Rb6 1/2-1/2

[Event "C.to Provinciale SV"]
[Site "Savona ITA"]
[Date "2011.01.29"]
[Round "3"]
[White "Lupini, Stefano"]
[Black "Nikolajevic, Tihomir"]
[Result "1/2-1/2"]
[WhiteElo "1936"]
[BlackElo "1865"]
[PlyCount "157"]
[EventDate "2011.01.28"]

1. d4 Nf6 2. c4 e6 3. Nf3 d5 4. cxd5 exd5 5. Bg5 Be7 6. e3 O-O 7. Nc3 c6 8. Bd3
Nbd7 9. Qc2 h6 10. Bh4 Re8 11. O-O Ne4 12. Bxe7 Qxe7 13. Rab1 Ndf6 14. b4 Bd7
15. h3 Rec8 16. Bxe4 Nxe4 17. Nxe4 Qxe4 18. Qxe4 dxe4 19. Nd2 Re8 20. Nc4 Rab8
21. a3 Re6 22. Rfc1 Rg6 23. Ne5 Rd6 24. Rc5 f6 25. Nc4 Re6 26. Nd2 Rbe8 27. Nb3
b6 28. Rc3 Rd6 29. a4 Be6 30. Nd2 f5 31. a5 Rb8 32. Rbc1 Bd5 33. Nc4 Bxc4 34.
Rxc4 bxa5 35. bxa5 Rb5 36. a6 Rb6 37. Ra1 Kf7 38. f3 exf3 39. gxf3 Ke7 40. Kf2
Kd7 41. Kg3 g5 42. h4 Re6 43. hxg5 hxg5 44. Rc5 Rb5 45. Ra5 Rxa5 46. Rxa5 Rf6
47. e4 fxe4 48. fxe4 Kc7 49. Kg4 Rf4+ 50. Kxg5 Rxe4 51. Ra4 Kb6 52. Kf5 Re8 53.
Ra1 Rd8 54. Ke4 Rd5 55. Rc1 Ra5 56. Rb1+ Rb5 57. Ra1 Ra5 58. Rb1+ Kxa6 59. Kd3
Rb5 60. Ra1+ Kb6 61. Kc4 a5 62. Ra2 Rb4+ 63. Kc3 Kb5 64. Rh2 Rc4+ 65. Kb3 Rxd4
66. Rh8 a4+ 67. Kb2 Rb4+ 68. Ka2 c5 69. Ra8 Kc4 70. Ka3 Kc3 71. Ra7 c4 72. Rh7
Rb8 73. Rh3+ Kc2 74. Rh2+ Kd3 75. Rh3+ Kd4 76. Rh4+ Kc5 77. Rh5+ Kd6 78. Rh6+
Kc7 79. Rh4 1/2-1/2

[Event "C.to Provinciale SV"]
[Site "Savona ITA"]
[Date "2011.01.29"]
[Round "3"]
[White "Tagliano, Maurizio"]
[Black "Mercandelli, Claudio"]
[Result "1-0"]
[WhiteElo "1852"]
[BlackElo "1923"]
[PlyCount "55"]
[EventDate "2011.01.28"]

1. Nf3 Nf6 2. d4 g6 3. c4 Bg7 4. Nc3 O-O 5. Bf4 d6 6. h3 Na6 7. e3 c6 8. Be2
Nc7 9. O-O Ne6 10. Bh2 c5 11. Qc2 cxd4 12. exd4 Nh5 13. Rfd1 b6 14. d5 Nc5 15.
Nd4 Nf6 16. Bf3 Ba6 17. b3 Qd7 18. b4 Bxc4 19. bxc5 dxc5 20. Nde2 Rad8 21. Rab1
Ne8 22. Ne4 Bb5 23. N2c3 Ba6 24. Bf4 Nd6 25. Qc1 Rfe8 26. Nxd6 exd6 27. Ne4 Qc7
28. Bg5 1-0

[Event "C.to Provinciale SV"]
[Site "Savona ITA"]
[Date "2011.01.29"]
[Round "3"]
[White "Gallareto, Ettore"]
[Black "Damele, Stefano"]
[Result "0-1"]
[WhiteElo "1458"]
[BlackElo "1888"]
[PlyCount "98"]
[EventDate "2011.01.28"]

1. d4 Nf6 2. c4 c5 3. d5 b5 4. b3 bxc4 5. bxc4 d6 6. Nc3 g6 7. Rb1 Bf5 8. Rb3
Bg7 9. Bb2 Nbd7 10. e3 O-O 11. Bd3 Bxd3 12. Qxd3 Ne5 13. Qe2 Rb8 14. Nf3 Nxf3+
15. Qxf3 Rxb3 16. axb3 Qb6 17. Qd1 Rb8 18. O-O Qxb3 19. Qxb3 Rxb3 20. Ba1 a6
21. Rc1 Nd7 22. Na4 Bxa1 23. Rxa1 Rb4 24. g3 Rxc4 25. Nb2 Rb4 26. Nd3 Rb6 27.
e4 Nf6 28. f3 Ne8 29. Kf1 Nc7 30. Ke1 Kf8 31. Kd2 Ke8 32. Kc3 Nb5+ 33. Kc4 Nd4
34. f4 Kd8 35. Ra4 Kc7 36. e5 Kb7 37. h3 Nf5 38. g4 Ne3+ 39. Kc3 Nxd5+ 40. Kc4
Ne3+ 41. Kc3 Rb5 42. exd6 exd6 43. Re4 Nd5+ 44. Kc4 Kc6 45. Re2 Nb6+ 46. Kc3
Na4+ 47. Kc2 c4 48. Nc1 Rb2+ 49. Kd1 Nc3+ 0-1

[Event "C.to Provinciale SV"]
[Site "Savona ITA"]
[Date "2011.01.29"]
[Round "3"]
[White "Bruzzone, Carlo"]
[Black "Mirata, Danilo"]
[Result "1/2-1/2"]
[WhiteElo "1883"]
[BlackElo "1800"]
[PlyCount "59"]
[EventDate "2011.01.28"]

1. c4 Nf6 2. Nc3 g6 3. g3 Bg7 4. Bg2 d6 5. Nf3 e5 6. d3 Nc6 7. Bd2 Be6 8. Qc1
O-O 9. Bh6 Nd7 10. Bxg7 Kxg7 11. O-O f5 12. Ng5 Bg8 13. f4 h6 14. Nf3 Nf6 15.
b3 Re8 16. Nd2 Ng4 17. Nd5 Bxd5 18. Bxd5 Ne3 19. Bxc6 bxc6 20. Rf3 exf4 21.
Rxf4 g5 22. Rf2 Qe7 23. Ne4 Qe5 24. Nc3 Qd4 25. h3 Qe5 26. Kh2 h5 27. Nd1 Kg6
28. Nxe3 Qxe3 29. Qxe3 Rxe3 30. Raf1 1/2-1/2

[Event "C.to Provinciale SV"]
[Site "Savona ITA"]
[Date "2011.01.29"]
[Round "3"]
[White "Pedemonte, Claudio"]
[Black "Atteo, Domenico"]
[Result "1-0"]
[WhiteElo "1791"]
[BlackElo "1799"]
[PlyCount "63"]
[EventDate "2011.01.28"]

1. c4 Nf6 2. Nc3 e6 3. e4 d5 4. e5 d4 5. exf6 dxc3 6. bxc3 Qxf6 7. d4 c5 8. Nf3
h6 9. Bd3 Be7 10. O-O Nc6 11. Be3 cxd4 12. cxd4 Bd7 13. Rb1 Rb8 14. Be4 Na5 15.
Ne5 Bc6 16. Nxc6 Nxc6 17. Bxc6+ bxc6 18. Rxb8+ Bd8 19. Qa4 O-O 20. Qxc6 a5 21.
Qd6 Be7 22. Rxf8+ Bxf8 23. Qf4 Qd8 24. c5 Qd7 25. Qe4 Qa4 26. c6 Bd6 27. Rc1
Bc7 28. Bf4 Qa3 29. Qe3 Qe7 30. Bxc7 Qxc7 31. Qg3 Qd8 32. c7 1-0

[Event "C.to Provinciale SV"]
[Site "Savona ITA"]
[Date "2011.01.29"]
[Round "3"]
[White "Pagliari, Lino"]
[Black "Agazzi, Marco"]
[Result "0-1"]
[WhiteElo "1446"]
[BlackElo "1746"]
[PlyCount "92"]
[EventDate "2011.01.28"]

1. c4 c5 2. Nc3 b6 3. e4 e5 4. d3 Nc6 5. a3 Nf6 6. Bg5 Be7 7. Bxf6 Bxf6 8. Be2
Nd4 9. Nd5 Bg5 10. Nf3 Nxf3+ 11. Bxf3 Bb7 12. Nc3 a6 13. Bg4 O-O 14. g3 g6 15.
b4 d6 16. O-O Bf6 17. b5 a5 18. Na4 Bg7 19. Bd7 Qxd7 20. Nxb6 Qd8 21. Nxa8 Bxa8
22. a4 Qb6 23. Qg4 Bb7 24. h4 Bc8 25. Qg5 f6 26. Qd2 f5 27. Qe3 f4 28. Qe2 h5
29. Kh2 f3 30. Qe3 Qd8 31. Rh1 Kh7 32. Kg1 Bh6 33. Qe1 Bg4 34. Rb1 Qb6 35. Rh2
Rg8 36. Rb2 g5 37. Rb1 gxh4 38. Rxh4 Bg5 39. Rh2 Kg6 40. Qc3 Rh8 41. Qc2 h4 42.
Rf1 Qd8 43. Qb2 hxg3 44. Rxh8 Qxh8 45. fxg3 Be3+ 46. Rf2 Qh3 0-1